000 00256nam a2200109Ia 4500
008 231212s1974 xx 000 0 und d
041 _aeng
082 _a621.372
100 _aKolchin A.
245 _aDesign of Automative
260 _aMascow
_bMir Pub
_c1974
999 _c958515
_d958515